Geography Quiz

Random Geography or Color Quiz
Score 0/10 Timer 02:00
8 Plays Today
% of flags Color % Correct
76.14% - 150 flagsRed
99.9%
71.57% - 141White
99%
51.78% - 102Blue
98.6%
45.18% - 89Yellow (Gold)
96.5%
44.67% - 88Green
95.7%
30.46% - 60Black
92.6%
4.57% - 9Orange
84.8%
4.06% - 8Brown
57.4%
1.52% - 3Purple
53.3%
3.05% - 6Gray
43.1%
Remove Ads.
Support Sporcle.
Get the best of Sporcle when you Go Orange. This ad-free experience offers more features, more stats, and more fun while also helping to support Sporcle. Thank you for becoming a member.

You're not logged in!

Compare scores with friends on all Sporcle quizzes.
OR
Log In

Sporcle TV

Today on Sporcle TV


Watch our educational content, quiz creation guides, and fun videos on Sporcle TV.

Show Comments

Extras

Top Quizzes Today


Score Distribution

Paid Content

Your Account Isn't Verified!

In order to create a playlist on Sporcle, you need to verify the email address you used during registration. Go to your Sporcle Settings to finish the process.

Report this User

Report this user for behavior that violates our Community Guidelines.

Details: